El Registro de Condiciones Generales de la Contratacin̤ ante el control de transparencia material

Bibliographic Details
Main Author: Cuadrado Soler, Joan
Format: eBook
Language:Spanish
Published: Madrid: Dykinson, 2021
Subjects:
Online Access:Acceso restringido

MARC

LEADER 00000nam a22000007a 4500
005 2022061009329.0
007 cr|||| ||||
008 220610s2021 es |||||s|||| 00||0 spa d
020 |a 978-84-1377-656-9 
035 |a 35617 
040 |a vLex 
090 |c 13417  |d 13417 
100 1 |a Cuadrado Soler, Joan 
245 1 2 |a El Registro de Condiciones Generales de la Contratacin̤ ante el control de transparencia material  |h [Recurso electrn̤ico] /  |c Joan Cuadrado Soler 
256 |a Servicio en ln̕ea 
260 |a Madrid:  |b Dykinson,  |c 2021 
300 |a 1 recurso electrn̤ico 
506 1 |a Disponible solo en los productos indicados  |d vLex Global  |d vLex Global (Academic Edition, excluding Law Schools)  |d vLex Global (U.S. Academic Edition, Law Schools)  |d vLex Global (U.S. Academic Edition, excluding Law Schools)  |d vLex Global (Academic Edition, Law Schools) 
650 0 4 |a Derecho Civil  |z Espaą 
740 0 |a vLex Libros (Servicio en ln̕ea) 
856 4 0 |u https://app.vlex.com/#/sources/35617  |z Acceso restringido 
942 |c BOOK 
999 0 |a Civil Law